000 00745cab a22001935a 4500
001 L148511
008 090928e20090912xxk 000 0 eng d
035 _a(Sirsi) u148511
041 0 _aeng
100 1 _aMackmin, David
245 0 0 _aStay ahead of the curve
260 _c2009
490 _aEstates Gazette
_v(0936) 12 September 2009, 94-95(2)
520 _aValuers need to note net investment income when valuing properties. Defines net income and suggested methodology to be used. Give examples of incorrect/correct valuations and points out pitfalls of where errors can be made (see also related article L148898).
590 _aKA
651 4 _aENGLAND AND WALES
690 _aPROPERTY-PROPERTY APPRAISAL AND VALUATION
942 _n0
999 _c81869
_d81869